| 000 | 01072cab a2200325 4500 | ||
|---|---|---|---|
| 001 | WB3110-33 | ||
| 008 | 090401t1995 xxu||||| |||| 00| 0 eng d | ||
| 035 | _a(Sirsi) u22675 | ||
| 041 | _aeng | ||
| 245 | _aFlexible working | ||
| 260 | _c1995 | ||
| 350 | _a0 | ||
| 490 |
_aFinancial Times _v10 March 1995, 34(1) |
||
| 520 | _aMultinational companies are exploring the introduction of flexible working practices, such as desk-sharing and home working, using mobile communications technology, which may have implications for future demand for office space. | ||
| 650 | _aCOMMUNICATIONS INFRASTRUCTURE | ||
| 650 | _aCOMMUNICATIONS TECHNOLOGY | ||
| 650 | _aDESK-SHARING | ||
| 650 | _aFLEXIBLE WORKING | ||
| 650 | _aHOME WORKING | ||
| 650 | _aIBM | ||
| 650 | _aINTERNATIONAL BUSINESS MACHINES | ||
| 650 | _aMOBILE COMMUNICATIONS TECHNOLOGY | ||
| 650 | _aMOBILE OFFICE | ||
| 650 | _aOFFICE SPACE | ||
| 650 | _aOFFICES | ||
| 650 | _aWHIRLPOOL | ||
| 690 | _aMANAGEMENT-BUSINESS MANAGEMENT-INFORMATION MANAGEMENT | ||
| 942 | _n0 | ||
| 948 | _c04/03/1997 | ||
| 999 |
_c15199 _d15199 |
||